000 02629nkm0a2200493 4500
001 RU\NLR\BIBL_A\022580174
005 20260126214615.0
035 _a(NLR Aleph) 022580174
071 5 0 _d50 коп.
090 _a89005
_c89005
100 _a20250704d1943 u y0rusy50 ca
101 0 _arus
102 _aRU
116 _aiiycxx bf ad
135 _acrcn 024anaba
181 0 _ab4
_bxb2e
182 0 _an
200 1 _aРучные гранаты РГ-42, Ф-1 и запал УЗРГ
_e[плакат]
_fавтор инженер-майор И. Заровский
_gредактор майор И. Мурзаев
203 _aИзображение
_bнеподвижное
_bдвухмерное
_bвизуальное
_cнепосредственное
210 _aМосква
_cВоенное издательство Народного коммисариата обороны
_d1943
215 _a1 л.
_cхромолитогр.
_d52,5х80
300 _aВ вып. данных: Воениздат И-271. Г III264. Подписано к печати 19/XI 1943 г. Заказ № 1247; Заказ 473 XII 43 Д
325 _aКопия доступна в Электрон. б-ке РНБ
606 1 _aПлакат инструктивный
_2nlr_sh2
_3RU\NLR\AUTH\6601761657
606 1 _aВеликая Отечественная война
_z1941 - 1945
_jПлакаты
_2nlr_sh1
_2nlr_sh2
_3RU\NLR\AUTH\668893
606 1 _aРучные гранаты Ф-1
_jПлакаты
_2nlr_sh1
_3RU\NLR\AUTH\66970487
606 1 _aУнифицированные запалы для ручных гранат
_jПлакаты
_2nlr_sh1
_3RU\NLR\AUTH\66428372
606 1 _aРучные гранаты осколочные
_jПлакаты
_2nlr_sh1
_3RU\NLR\AUTH\66970496
686 _aЩ150.466
700 1 _aЗаровский
_bИ.
_4570
712 0 2 _aВоениздат
_cМосква
_3RU\NLR\AUTH\8810147525
_4650
852 0 0 _aNLR
_bЭ
_jНпВо723/6-19
_mЭ037113
856 0 _uhttps://vivaldi.nlr.ru/la000070992/view
856 1 _uhttps://vivaldi.nlr.ru/la000070992/cover
856 2 _uhttps://vivaldi.nlr.ru/la000070992/text
901 _eИзографические материалы
942 _cVISUAL
945 _aРоссийская национальная библиотека
980 _aBV
980 _aNB
981 1 7 _a(17) Изографические материалы
_b(17) Плакаты